| 000 | 00362nam a22001337a 4500 | ||
|---|---|---|---|
| 008 | 170731b xxu||||| |||| 00| 0 eng d | ||
| 020 | _a9781878289520 | ||
| 041 | _aeng | ||
| 080 | _a004 | ||
| 100 | _a32 | ||
| 101 | _aSHK | ||
| 245 |
_aINFORMATION TECHNOLOGY AND COMPUTER APPLICATIONS IN PUBLIC ADMINISTRATION: ISSUES AND TRENDS _cGARSON,G.D |
||
| 942 |
_2udc _cBK |
||
| 999 |
_c22218 _d22218 |
||